Why liberalism?: state, church and party in western Europe /
Guardado en:
| Hovedforfatter: | |
|---|---|
| Format: | Texto |
| Tags: |
Tilføj Tag
Ingen Tags, Vær først til at tagge denne postø!
|
MARC
| LEADER | 00000 a a2200000 04500 | ||
|---|---|---|---|
| 001 | 43079 | ||
| 003 | |||
| 040 | |||
| 100 | |a Gould, Andrew C. | ||
| 245 | |a Why liberalism?: |b state, church and party in western Europe / |c Andrew C. Gould | ||
| 773 | |g número251 ( , 1998), 44 páginas | ||
| 999 | |c 36363 |d 36363 | ||
